| 000 | 00523nam a2200181Ia 4500 | ||
|---|---|---|---|
| 008 | 191130s2008##################000#0#eng## | ||
| 020 | _a9788122414332 | ||
| 040 |
_aACL _cACL |
||
| 082 | _a650.01513 SRI | ||
| 100 | _aSrinivasa, G | ||
| 245 |
_aBusiness mathematics and statistics _cG. Srinivasa, Deepa George |
||
| 260 |
_aNew Delhi _bNew Age Pvt. Ltd _c2008 |
||
| 300 | _axiv, 520 p. : ill. ; 25 cm. | ||
| 700 | _aGeorge, Deepa | ||
| 990 | _ac0b2ae21ac10000c0aa384d0f2707ef8 | ||
| 991 | _a356986 | ||
| 999 |
_c121710 _d121710 |
||